| 000 | 00794nja a2200217 a 4500 | ||
|---|---|---|---|
| 003 | BLK | ||
| 005 | 20180422121309.0 | ||
| 008 | 180410c bul|r|ner|||| 00| c0bul d | ||
| 010 | _aCDD00000566002 | ||
| 040 | _aBLK | ||
| 100 | 1 |
_aRossini, Gioacchino _eпърви автор _9353106 |
|
| 700 | 1 |
_aРосини, Джоакино _9387561 |
|
| 700 | 1 |
_aOrchestra Sinfonica della RAI di Torino _eизп. _9353713 |
|
| 245 | 1 | 0 |
_aSemiramide _cGioacchino Rossini; Джоакино Росини; изп. Orchestra Sinfonica della RAI di Torino. |
| 257 | _aDEU | ||
| 380 | _a7 | ||
| 773 |
_0216741 _9388113 _aRossini, Gioacchino _tHerbert von Karajan. Die ersten Aufnahmen [CD аудио] |
||
| 852 | _aЦб CD 4328 | ||
| 942 |
_cCDD _n0 |
||
| 944 |
_aCR _c17.05.2017 _kТеодора_Стоянова |
||
| 944 |
_aED _c17.05.2017 _kТеодора_Стоянова |
||
| 999 |
_c216743 _d216743 |
||